Представление документа в формате MARC21

Поле Инд. ПП Название Значение
Тип записи a
Библиографический уровень b
001 Контрольный номер RU/IS/BASE/257260420
005 Дата корректировки 20200630193207.3
008 Кодируемые данные 20080225
040 b Код языка каталог. rus
e Правила каталог. PSBO
041 0_ a Код языка текста rus
084 a Индекс другой классификации/Индекс ББК 81.411.2-03; 81.416.1
100 1_ a Автор Духанина А. В.
245 10 a Заглавие Особый тип нормы употребления перфекта в некоторых памятниках стандартного церковнославянского языка XIV - начала XV в.
504 a Библиография Библиогр. - Примеч.: с. 77 - 79
650 a Основная рубрика филологические науки
a Основная рубрика частное языкознание
a Основная рубрика языкознание
a Основная рубрика история языка
653 1_ a Ключевые слова XIV век
a Ключевые слова XV век
a Ключевые слова глагол
a Ключевые слова глагольные формы
a Ключевые слова древнерусский язык
a Ключевые слова Житие Евфимия Великого
a Ключевые слова Житие Сергия Радонежского
a Ключевые слова Житие Стефана Пермского
a Ключевые слова перфект
a Ключевые слова прошедшее время
a Ключевые слова Россия
a Ключевые слова русский язык
a Ключевые слова церковнославянская книжность
a Ключевые слова церковнославянские тексты
a Ключевые слова церковнославянский язык
a Ключевые слова Чудовский Новый Завет
773 0_ t Заглавие источника Вестник Московского университета. Серия 9, Филология
d Дата издания источника 2007
g Прочая информация № 2. - С. 71 - 79
w Контрольный № источника RU/IS/BASE/236181942
901 t Тип документа b